Le martyre de Saint Sébastien / (Record no. 170316)

MARC details
000 -LEADER
campo de control de longitud fija 00834nam a22002055i 4500
001 - NÚMERO DE CONTROL
campo de control 170316
003 - IDENTIFICADOR DE NÚMERO DE CONTROL
campo de control ES-MaACL
005 - FECHA Y HORA DE LA ÚLTIMA TRANSACCIÓN
campo de control 20250522163656.0
008 - DATOS DE LONGITUD FIJA--INFORMACIÓN GENERAL
campo de control de longitud fija 090223s1948 fr |||| | fre d
080 ## - NÚMERO DE LA CLASIFICACIÓN DECIMAL UNIVERSAL
Número de la Clasificación Decimal Universal 782.1
100 1# - ENTRADA PRINCIPAL--NOMBRE DE PERSONA
Nombre de persona D'Annunzio, Gabriele,
Fechas asociadas al nombre 1863-1938
9 (RLIN) 42351
245 13 - MENCIÓN DEL TÍTULO
Título Le martyre de Saint Sébastien /
Mención de responsabilidad, etc. mystère de Gabriele D'Annunzio ; musique de Claude Debussy ; analyses et textes destinés à accompagner les exécutions symphoniques établis par Germaine Inghelbrecht.
260 ## - PUBLICACIÓN, DISTRIBUCIÓN, ETC.
Lugar de publicación, distribución, etc. Paris :
Nombre del editor, distribuidor, etc. Durand & Cíe.,
Fecha de publicación, distribución, etc. 1948.
300 ## - DESCRIPCIÓN FÍSICA
Extensión 28 p. ;
Dimensiones 21 cm.
650 14 - PUNTO DE ACCESO ADICIONAL DE MATERIA--TÉRMINO DE MATERIA
Término de materia o nombre geográfico como elemento de entrada Óperas-
Subdivisión de forma Libretos.
9 (RLIN) 137584
700 1# - ENTRADA AGREGADA--NOMBRE PERSONAL
Nombre de persona Debussy, Claude,
Fechas asociadas al nombre 1862-1918
9 (RLIN) 240620
700 0# - ENTRADA AGREGADA--NOMBRE PERSONAL
Nombre de persona Inghelbrecht, Germaine.
9 (RLIN) 65289
852 ## - LOCALIZACIÓN
Ubicación ES-MaACL
Número de control de estantería 2249-F-10
itemnumber R.140886
Nota libre .- Biblioteca Jacinto Martínez Lacalle
Holdings
Estatus retirado Estado de pérdida Estado de daño No para préstamo Colección Biblioteca de origen Biblioteca actual Ubicación en estantería Fecha de adquisición Fuente de adquisición Total de préstamos Signatura topográfica completa Código de barras Visto por última vez Precio de reemplazo Tipo de ítem Koha
        Colección de folletos Biblioteca del Ateneo de Madrid Biblioteca del Ateneo de Madrid Depósito folletos 23/02/2009     2249-F-10 1178803 23/02/2023 23/02/2023 Folleto